<?xml version="1.0" encoding="UTF-8"?><?xml-stylesheet type="text/xsl" href="static/style.xsl"?><OAI-PMH xmlns="http://www.openarchives.org/OAI/2.0/" xmlns:xsi="http://www.w3.org/2001/XMLSchema-instance" xsi:schemaLocation="http://www.openarchives.org/OAI/2.0/ http://www.openarchives.org/OAI/2.0/OAI-PMH.xsd"><responseDate>2026-04-17T04:09:51Z</responseDate><request verb="GetRecord" identifier="oai:www.recercat.cat:2445/183805" metadataPrefix="marc">https://recercat.cat/oai/request</request><GetRecord><record><header><identifier>oai:recercat.cat:2445/183805</identifier><datestamp>2025-12-04T21:04:32Z</datestamp><setSpec>com_2072_1057</setSpec><setSpec>col_2072_478818</setSpec><setSpec>col_2072_478917</setSpec></header><metadata><record xmlns="http://www.loc.gov/MARC21/slim" xmlns:dcterms="http://purl.org/dc/terms/" xmlns:xsi="http://www.w3.org/2001/XMLSchema-instance" xmlns:doc="http://www.lyncode.com/xoai" xsi:schemaLocation="http://www.loc.gov/MARC21/slim http://www.loc.gov/standards/marcxml/schema/MARC21slim.xsd">
   <leader>00925njm 22002777a 4500</leader>
   <datafield ind2=" " ind1=" " tag="042">
      <subfield code="a">dc</subfield>
   </datafield>
   <datafield ind2=" " ind1=" " tag="720">
      <subfield code="a">Mestre, Francesca</subfield>
      <subfield code="e">author</subfield>
   </datafield>
   <datafield ind2=" " ind1=" " tag="720">
      <subfield code="a">Gómez i Cardó, Pilar</subfield>
      <subfield code="e">author</subfield>
   </datafield>
   <datafield ind2=" " ind1=" " tag="260">
      <subfield code="c">2022-03-04T18:17:58Z</subfield>
   </datafield>
   <datafield ind2=" " ind1=" " tag="260">
      <subfield code="c">2022-03-04T18:17:58Z</subfield>
   </datafield>
   <datafield ind2=" " ind1=" " tag="260">
      <subfield code="c">2020</subfield>
   </datafield>
   <datafield ind2=" " ind1=" " tag="260">
      <subfield code="c">2022-03-04T15:26:34Z</subfield>
   </datafield>
   <datafield ind2=" " ind1=" " tag="520">
      <subfield code="a">Imagines (Εἴκονες) has been considered the most complete and complex Lucian ἔκφρασις; this fact invites us to think that its author, once again, intends here to break with gender molds and a conventional writing of his times. Thus, starting from school exercises (ἔκφρασις and others) and their rules, Lucian puts an object in absentia under the eyes of the listener or the reader, but, by taking as references works of classical sculpture, he wants to model, not using marble or stone but words, the portrait of a beautiful woman, Panthea, the mistress of emperor Lucius Verus. So it turns out that the description becomes a lesson on how to read a work of art by an expert (σοφός), i.e. a theory about ancient beauty canons, but, by adapting them to Lucian's own context and to the triviality of the life of the imperial court, beautiful Panthea is also inscribed in the catalogue of satirical heroes of the Lucian universe. Keywords : Lucian, progymnasmata, ekphrasis, Imagines, Pro imaginibus</subfield>
   </datafield>
   <datafield tag="653" ind2=" " ind1=" ">
      <subfield code="a">Figures retòriques</subfield>
   </datafield>
   <datafield tag="653" ind2=" " ind1=" ">
      <subfield code="a">Figures of speech</subfield>
   </datafield>
   <datafield ind2="0" ind1="0" tag="245">
      <subfield code="a">De l'ekphrasis des manuels aux Portraits de Lucien</subfield>
   </datafield>
</record></metadata></record></GetRecord></OAI-PMH>